Biología : (Registro nro. 45954)

Detalles MARC
000 -LEADER
campo de control de longitud fija 03142cam a22005414i 4500
003 - IDENTIFICADOR DE NÚMERO DE CONTROL
campo de control PE-LiUPU
005 - FECHA Y HORA DE LA ÚLTIMA TRANSACCIÓN
campo de control 20250731180133.0
008 - DATOS DE LONGITUD FIJA--INFORMACIÓN GENERAL
campo de control de longitud fija 150625s2003 mx a rb 000 0 spa d
020 ## - NÚMERO INTERNACIONAL ESTÁNDAR DEL LIBRO
Número Internacional Estándar del Libro 9702603706
035 ## - NÚMERO DE CONTROL DEL SISTEMA
Número de control de sistema (Sirsi) i9789702603702
040 ## - FUENTE DE CATALOGACIÓN
Centro catalogador/agencia de origen PE-LiUPU
Lengua de catalogación spa
Centro/agencia transcriptor PE-LiUPU
Normas de descripción rda
049 ## - FONDOS LOCALES (OCLC)
Biblioteca depositaria PRUA
082 04 - NÚMERO DE LA CLASIFICACIÓN DECIMAL DEWEY
Número de clasificación 574
Cutter A899b
Número de edición 23
100 1# - ENTRADA PRINCIPAL--NOMBRE DE PERSONA
Nombre de persona Audesirk, Teresa,
Término indicativo de función/relación autor.
245 10 - MENCIÓN DEL TÍTULO
Título Biología :
Resto del título la vida en la tierra /
Mención de responsabilidad, etc. Teresa Audesirk, Gerald Audesirk, Bruce E. Byers ; tr. Héctor Javier Escalona García, Roberto Luis Escalona García.
250 ## - MENCION DE EDICION
Mención de edición Sexta edición.
264 #1 - PRODUCCIÓN, PUBLICACIÓN, DISTRIBUCIÓN, FABRICACIÓN Y COPYRIGHT
Producción, publicación, distribución, fabricación y copyright México :
Nombre del de productor, editor, distribuidor, fabricante Pearson Educación de México,
Fecha de producción, publicación, distribución, fabricación o copyright 2003.
300 ## - DESCRIPCIÓN FÍSICA
Extensión 980 páginas :
Otras características físicas ilustraciones a color ;
Dimensiones 27 centímetros.
336 ## - TIPO DE CONTENIDO
Término de tipo de contenido text
Fuente rdacontent
337 ## - TIPO DE MEDIO
Nombre/término del tipo de medio unmediated
Fuente rdamedia
338 ## - TIPO DE SOPORTE
Nombre/término del tipo de soporte volume
Fuente rdacarrier
504 ## - NOTA DE BIBLIOGRAFÍA, ETC.
Nota de bibliografía, etc. Incluye bibliografías.
505 0# - NOTA DE CONTENIDO CON FORMATO
Nota de contenido con formato Introducción a la vida en la tierra. -Átomos, moléculas y vida. -Moléculas biológicas. -Estructura y función de la membrana celular. -Estructura y función de la célula. -El flujo de energía en la vida de una célula. -Captura de enrgía solar: Fotosíntesis. -Recolección de energía: Glucólisis y respiración celular. -El DNA: La molécula de la herencia. -Expresión y regulación genética. -Continuidad de la vida: Reproducción celular. -Patrones de herencia. -Biotecnología. -Principios de la evolución. -Evolución de los organismos. -El origen de las especies. -Historia de la vida en la tierra. -Sistemática: Búsqueda de orden en medio de la diversidad. -El mundo oculto de los microbios. -Los hongos. -El reino vegetal. -El reino animal. -Forma y función de las plantas.-Reproducción y desarrollo de las plantas. -Respuestas de las plantas al medio ambiente. -Homeostasis y organización del cuerpo animal. -Circulación. -Respiración. -Nutrición y digestión. -El sistema urinario. -Defensas contra la enfermedad: La respuesta inmunitaria. -Control químico del organismo animal: El sistema endocrino. -El sistema nervioso y los sentidos. -Acción y sostén: Los músculos y el esqueleto. -Reproducción animal. -Desarrollo animal. -Comportamiento animal. -Crecimiento y regulación de las poblaciones. -Interacciones con la comunidad. -¿Cómo funcionan los ecosistemas?. -Los diversos ecosistemas de la tierra.
526 ## - NOTA DE INFORMACIÓN SOBRE EL PROGRAMA DE ESTUDIO
Nombre del programa Segunda Especialidad En Estadística Aplicada Para Investigación (A Distancia)
526 ## - NOTA DE INFORMACIÓN SOBRE EL PROGRAMA DE ESTUDIO
Nombre del programa Segunda Especialidad En Estadística Aplicada Para Investigación
526 ## - NOTA DE INFORMACIÓN SOBRE EL PROGRAMA DE ESTUDIO
Nombre del programa Odontología
526 ## - NOTA DE INFORMACIÓN SOBRE EL PROGRAMA DE ESTUDIO
Nombre del programa Tecnología Médica En Terapia Física Y Rehabilitación (A Distancia)
526 ## - NOTA DE INFORMACIÓN SOBRE EL PROGRAMA DE ESTUDIO
Nombre del programa Tecnología Médica En Terapia Física Y Rehabilitación (Semipresencial)
526 ## - NOTA DE INFORMACIÓN SOBRE EL PROGRAMA DE ESTUDIO
Nombre del programa Tecnología Médica En Laboratorio Clínico Y Anatomía Patológica
526 ## - NOTA DE INFORMACIÓN SOBRE EL PROGRAMA DE ESTUDIO
Nombre del programa Ingeniería De Ciencia De Datos E Inteligencia Artificial
526 ## - NOTA DE INFORMACIÓN SOBRE EL PROGRAMA DE ESTUDIO
Nombre del programa Ingeniería Ambiental (Semipresencial)
526 ## - NOTA DE INFORMACIÓN SOBRE EL PROGRAMA DE ESTUDIO
Nombre del programa Nutrición humana
526 ## - NOTA DE INFORMACIÓN SOBRE EL PROGRAMA DE ESTUDIO
Nombre del programa Medicina humana
526 ## - NOTA DE INFORMACIÓN SOBRE EL PROGRAMA DE ESTUDIO
Nombre del programa Ingeniería de industrias alimentarias
526 ## - NOTA DE INFORMACIÓN SOBRE EL PROGRAMA DE ESTUDIO
Nombre del programa Ingeniería civil
526 ## - NOTA DE INFORMACIÓN SOBRE EL PROGRAMA DE ESTUDIO
Nombre del programa Ingeniería ambiental
526 ## - NOTA DE INFORMACIÓN SOBRE EL PROGRAMA DE ESTUDIO
Nombre del programa Enfermería
526 ## - NOTA DE INFORMACIÓN SOBRE EL PROGRAMA DE ESTUDIO
Nombre del programa Educación secundaria, especialidad matemática e informática
526 ## - NOTA DE INFORMACIÓN SOBRE EL PROGRAMA DE ESTUDIO
Nombre del programa Educación secundaria, especialidad ambiental, biología y química
650 04 - PUNTO DE ACCESO ADICIONAL DE MATERIA--TÉRMINO DE MATERIA
Término de materia o nombre geográfico como elemento de entrada Biología.
700 1# - ENTRADA AGREGADA--NOMBRE PERSONAL
Nombre de persona Audesirk, Gerald,
Término indicativo de función/relación autor.
700 ## - ENTRADA AGREGADA--NOMBRE PERSONAL
Nombre de persona Byers, Bruce E.
Término indicativo de función/relación autor.
9 (RLIN) 3067
700 ## - ENTRADA AGREGADA--NOMBRE PERSONAL
Nombre de persona Escalona García, Héctor Javier
Término indicativo de función/relación traductor
9 (RLIN) 3068
942 ## - ELEMENTOS DE ENTRADA SECUNDARIOS (KOHA)
Fuente del sistema de clasificación o colocación Clasificación Decimal Dewey
Tipo de ítem Koha Libros físicos
Suprimir en OPAC No
949 ## - PROCESAMIENTO DE INFORMACIÓN LOCAL (OCLC)
a 574 A88
w DEWEY
c 1
i 56820
d 2016-5-8
e 2016-4-26
l CCODEBUL1
m BUL
n 3
p 35.00
r 0
s Y
t BOOK
u 2015-6-25
x SALUD
0 COMPRA
o .STAFF. Colección General
980 ## - EQUIVALENCIA O REFERENCIA-CRUZADA-MENCIÓN DE SERIE--NOMBRE DE PERSONA/TÍTULO [LOCAL, CANADÁ]
ID del último usuario que modificó el registro 1
Nombre del último usuario que modificó el registro ALBERTO SANCHEZ Responsable de Automatización
Existencias
Visto por última vez Número de inventario Total de préstamos Signatura topográfica completa Código de barras Fecha del último préstamo Copia número Coste, precio de reemplazo Fecha de reemplazo Facultad Tipo de ítem Koha Nota pública Estado de pérdida Fuente del sistema de clasificación o colocación Restricciones de uso No para préstamo Colección Programa académico Biblioteca de origen Biblioteca actual Ubicación en estantería Fecha de adquisición Fuente de adquisición Coste, precio normal de compra
2025-12-02 6 28 574 A899b 56820 2019-11-17 e1 40.00 2015-06-25 FSALUD Libros físicos inventario-2023-12-13 No Perdido Clasificación Decimal Dewey No restringido Disponible para préstamos Colección General Psicología Biblioteca CRAI UPeU Lima Biblioteca CRAI UPeU Lima Sala principal 2015-06-25 COMPRA 35.00